| 000 | 00000nam 2200000zi 4500 |
| 001 | 9.865211 |
| 003 | CaOODSP |
| 005 | 20221107161737 |
| 007 | cr ||||||||||| |
| 008 | 190129s2018 qucbo #o f000 0 fre d |
| 020 | |a9780660286792 |
| 040 | |aCaOODSP|bfre|erda|cCaOODSP |
| 043 | |an-cn-qu |
| 086 | 1 |aCW66-573/2018F-1-PDF |
| 245 | 00|aRéserve nationale de faune de la Baie-de-L’Isle-Verte : |bplan de gestion 2018 |
| 264 | 1|aGatineau, Québec : |bEnvironnement et Changement climatique Canada, |c[2018] |
| 264 | 4|c©2018 |
| 300 | |a1 ressource en ligne (vi, 81 pages) : |bphotographies en couleur, cartes en couleur |
| 336 | |atexte|btxt|2rdacontent/fre |
| 337 | |ainformatique|bc|2rdamedia/fre |
| 338 | |aressource en ligne|bcr|2rdacarrier/fre |
| 500 | |aTitre pris sur la couverture. |
| 500 | |aPubl. aussi en anglais sous le titre : Baie-de-L’Isle-Verte National Wildlife Area management plan 2018. |
| 504 | |aComprend des références bibliographiques (p. 78-81). |
| 520 | |a« Les buts de ce plan de gestion sont : 1) de protéger et d’améliorer les habitats importants pour les espèces en péril, les espèces d’oiseaux prioritaires et d’autres espèces sauvages; 2) de réduire l’impact des activités humaines sur la réserve; 3) de consolider le territoire de la réserve et de promouvoir la conservation des habitats naturels sur les terrains adjacents afin de favoriser la connectivité et de meilleures conditions écologiques; 4) entreprendre la surveillance écologique de la réserve et d’améliorer les connaissances sur les espèces sauvages et leurs habitats; 5) de favoriser la sensibilisation du public et des communautés régionales à la conservation de la réserve, des espèces sauvages et de leurs habitats »--P. iv. |
| 693 | 4|aRéserve nationale de faune de la Baie-de-L’Isle-Verte |
| 693 | 4|aPlan de gestion |
| 710 | 1 |aCanada. |bEnvironnement et changement climatique Canada. |
| 710 | 2 |aService canadien de la faune. |
| 775 | 08|tBaie-de-L’Isle-Verte National Wildlife Area management plan 2018.|w(CaOODSP)9.865209 |
| 794 | |tPlan de gestion de la réserve nationale de faune de la baie-de-l’Isle-Verte.|w(CaOODSP)9.899877 |
| 795 | |tPlan de gestion de la réserve nationale de faune de la baie-de-l’Isle-Verte |w(CaOODSP)9.854837 |
| 856 | 40|qPDF|s5.06 Mo|uhttps://publications.gc.ca/collections/collection_2019/eccc/CW66-573-2018-1-fra.pdf |